000
00307nam a2200121Ia 4500
008
191201s2018 xx 000 0 und d
100
_a
Tatiya,A.V & Other
245
0
_a
Herbal Cosmeceuticals-I
260
_b
Nirali Prakashan
_a
New Delhi
_c
2018
300
_a
Misc.
650
_a
Pharmacognosy
942
_2
ddc
_c
BK
999
_c
8336
_d
8336